000
00168nam a22000857a 4500
999
_c
12930
_d
12930
082
_a
891.439
100
_a
Muhammad Shakoor Shakir
245
_a
Ibrat Ki Baat
942
_c
BK